An elementary of celestial mechanics (Record no. 3205)

MARC details
000 -LEADER
fixed length control field 00461nam a2200169Ia 4500
003 - CONTROL NUMBER IDENTIFIER
control field IN-BaIIA
008 - FIXED-LENGTH DATA ELEMENTS--GENERAL INFORMATION
fixed length control field 211028s9999 xx 000 0 eng d
040 ## - CATALOGING SOURCE
Transcribing agency IIA Library
080 ## - UNIVERSAL DECIMAL CLASSIFICATION NUMBER
Universal Decimal Classification number 521.1
Item number RYA
100 ## - MAIN ENTRY--PERSONAL NAME
Personal name Ryabov, Y
9 (RLIN) 5691
245 #3 - TITLE STATEMENT
Title An elementary of celestial mechanics
Statement of responsibility, etc. Ryabov, Y
260 ## - PUBLICATION, DISTRIBUTION, ETC.
Place of publication, distribution, etc. New York
Name of publisher, distributor, etc. Dover Publications
Date of publication, distribution, etc. 1959
300 ## - PHYSICAL DESCRIPTION
Extent 164p.
650 ## - SUBJECT ADDED ENTRY--TOPICAL TERM
Topical term or geographic name entry element Astronomy and astrophysics thesaurus
650 ## - SUBJECT ADDED ENTRY--TOPICAL TERM
Topical term or geographic name entry element Celestial mechanics
942 ## - ADDED ENTRY ELEMENTS (KOHA)
Koha item type Books
Holdings
Withdrawn status Lost status Damaged status Not for loan Home library Current library Shelving location Date acquired Cost, normal purchase price Total Checkouts Full call number Barcode Date last seen Cost, replacement price Price effective from Koha item type Purchase Price
        IIA Library-Bangalore IIA Library-Bangalore General Stacks 03/03/1969 9.00   521.1/ RYA 3560 05/11/2021 9.00 03/03/1969 Books Rs. 9.00

Powered by Koha